|
|
|
|
| LEADER |
00844nam a2200229 a 4500 |
| 001 |
c000261976 |
| 003 |
CARM |
| 005 |
20070605124502.0 |
| 008 |
070605s1970 nyu 000 1 eng d |
| 019 |
1 |
|
|a 50071004
|5 LACONCORD2021
|
| 020 |
|
|
|z 02059075 (pbk.)
|
| 035 |
|
|
|a (OCoLC)812538021
|5 LACONCORD2021
|
| 040 |
|
|
|a VCAV
|b eng
|c VCAV
|
| 100 |
1 |
|
|a Foreman, L. L.
|q (Leonard London),
|d 1901-
|
| 240 |
1 |
0 |
|a Don Desperado
|
| 245 |
1 |
0 |
|a Desperado's gold /
|c by L. L. Foreman.
|
| 260 |
|
|
|a New York :
|b Centurion Books,
|c c1970.
|
| 300 |
|
|
|a 188 p.
|
| 500 |
|
|
|a Originally published under the title "Don Desperado."
|
| 852 |
8 |
|
|b CARM
|h A1:AO15A0
|i A04341
|p 0378804
|f BK
|
| 999 |
f |
f |
|i a8360fea-5e4e-5878-bffa-81a746426cdc
|s e7db3dc7-4336-5a9f-8778-b54c297e05b3
|
| 952 |
f |
f |
|p Can circulate
|a CAVAL
|b CAVAL
|c CAVAL
|d CARM 1 Store
|e A04341
|f A1:AO15A0
|h Other scheme
|i book
|m 0378804
|